Úverové poistenie podnikateľov

Vymedzenie pojmu úverové poistenie. Základné parametre úverového poistenia. Legislatívna úprava úverového poistenia. Kritéria klasifikácie úverového poistenia. Poistenie vývozných, tovarových a spotrebných úverov. Poistenie kaucie.

Gespeichert in:
Bibliographische Detailangaben
1. Verfasser: Fekete, Štefan
Format: Buchkapitel
Sprache:Slowakisch
Schlagworte:
Tags: Tag hinzufügen
Keine Tags, Fügen Sie das erste Tag hinzu!

MARC

LEADER 00000naa a2200000 4500
001 r037263
005 20230911132647.8
041 0 |a slo 
044 |a SK 
245 1 0 |a Úverové poistenie podnikateľov  |c Štefan Fekete 
520 |a Vymedzenie pojmu úverové poistenie. Základné parametre úverového poistenia. Legislatívna úprava úverového poistenia. Kritéria klasifikácie úverového poistenia. Poistenie vývozných, tovarových a spotrebných úverov. Poistenie kaucie. 
610 2 0 |a poistenie úverové 
610 2 0 |a podnikatelia 
610 2 0 |a trh poistný 
610 2 0 |a riziko poistné 
610 2 0 |a legislatíva 
610 2 0 |a Slovensko 
100 1 |a Fekete, Štefan